ICCAD 2001 : IEEE/ACM International Conference on Computer-Aided Design : November 4-8, 2001, DoubleTree Hotel, San Jose, CA /

Bibliographic Details
Corporate Authors: IEEE/ACM International conference on computer-aided design San Jose, California, IEEE Circuits and Systems Society
Format: Conference Proceeding Book
Language:English
Published: Piscataway, New Jersey : New York, New York : ACM, IEEE ; [2001]
Subjects:

MARC

Tag First Indicator Second Indicator Subfields
LEADER 00000cam a2200000 a 4500
001 in00001658713
005 20151023114744.0
008 011129s2001 njua b 101 0 eng d
020 |a 0780372476 (softbound edition) 
020 |a 0780372484 (microfiche edition) 
035 |a (OCoLC)ocm48500463 
040 |a LHL  |c LHL  |d TXA  |d UtOrBLW 
049 |a TXAM 
090 |a TK7867  |b .I376 2001 
111 2 |a IEEE/ACM International conference on computer-aided design  |d (2001 :  |c San Jose, California) 
245 1 0 |a ICCAD 2001 :  |b IEEE/ACM International Conference on Computer-Aided Design : November 4-8, 2001, DoubleTree Hotel, San Jose, CA /  |c sponsored by IEEE Circuits and Systems Society [and others]. 
246 3 1 |a International Conference on Computer-Aided Design 
246 1 |i Title on t.p. verso:  |a Proceeding of the 2001 International Conference on Computer-Aided Design 
264 1 |a Piscataway, New Jersey :  |b IEEE ;  |a New York, New York : ACM,  |c [2001] 
264 4 |c ©2001 
300 |a xxv, 656 pages :  |b illustrations ;  |c 28 cm. 
336 |a text  |b txt  |2 rdacontent 
337 |a unmediated  |b n  |2 rdamedia 
338 |a volume  |b nc  |2 rdacarrier 
500 |a "IEEE catalog number 01CH37281"--Title page verso. 
504 |a Includes bibliographical references and index. 
650 0 |a Electronic circuit design  |x Data processing  |v Congresses. 
650 0 |a Computer-aided design  |v Congresses. 
650 0 |a Electronic circuits  |x Testing  |v Congresses. 
710 2 |a IEEE Circuits and Systems Society. 
948 |a cataloged  |b h  |c 2002/1/28  |d c  |e dmitchel  |f 8:40:40 am 
994 |a E0  |b TXA 
999 |a MARS 
999 f f |s 3f716976-c24f-3a25-9811-ff8159228c86  |i 18f4775b-9b3f-360a-bd99-71107bac4da2  |t 0 
952 f f |p ric  |a Texas A&M University  |b Rellis Campus  |c Joint Library Facility  |d Remote Storage  |t 0  |e TK7867 .I376 2001  |h Library of Congress classification  |i unmediated -- volume  |m A14828410488 
998 f f |a TK7867 .I376 2001  |t 0  |l Remote Storage